000 00735nam a22002177a 4500
999 _c1386
_d1386
003 OSt
005 20210705092939.0
008 160322b xxu||||| |||| 00| 0 eng d
020 _a978-0-07-740806-0
040 _cLIC
082 _22013
_aDC 364.973
_bT13
245 _aTaking sides :
_bclashing views in crime and criminology/
_cselected, edited, and with introductions by Thomas J. Hickey.
250 _aNinth Edition
260 _aNew York, NY :
_bMcGraw Hill,
_cc2013.
300 _axxvi, 438 pages ;
_c24 cm
500 _aIncludes bibliographical references.
650 0 _94176
_aCrime
_zUnited States.
650 0 _94177
_aCriminal justice, Administration of
_zUnited States.
650 0 _94178
_aCriminology
942 _2ddc
_cDC